1428 1394 1081 1689 1345 1739 1018 1261 1547 1710 1251 1126 1777 1399 1203 1049 1017 1169 1208 1760 1556 1020 1676 1349 1021 1081 1057 1735 1789 1575 1858 1623 1067 1974 1651 1830 1233 1781 1132 1132 1188 1427 1422 1079 1296 1203 1279 1028 1620 1623 1737 1478 1303 1879 1387 1590 1226 1821 1179 1859 1555 1630 1889 1181 1661 1780 1257 1367 1515 1996 1257 1478 1602 1131 1199 1257 1052 1589 1545 1450 1575 1603 1486 1392 1215 1904 1974 1957 1680 1357 1077 1634 1502 1072 1993 1252 1752 1399 1824 BCNSPRNW ULIB Ver.6.0+V

เปลี่ยนเป็นภาษาไทย

Change to English
 แสดงรายละเอียดบรรณานุกรม
  กลับหน้าหลัก

Brief Record : Get Marc (ISO 2709) : E-mail record : QR code < ปิดหน้าต่าง
LEADER : 00000nam 2200000uu 4500
001    13399121632
003     ULIB
008    121128s2550||||th 000 0 tha d
020    ^a9749507088 (ล.2)
020    ^a9789749507087
060  4 ^aWS13^bม546ส ล.2
100 1  ^aมัตสุดะ, มิซิโอะ
245 10 ^aสารานุกรมการเลี้ยงดูเด็ก =^bIkuji no hyakka /^cMichio Matsusa ; แปลและเรียบเรียง, พรอนงค์ นิยมค้า
246 31 ^aIkuji no hyakka
250    ^aพิมพ์ครั้งที่ 22
260    ^aกรุงเทพฯ :^bหมอชาวบ้าน,^c2550
300    ^a เล่ม :^bภาพประกอบ ;^c22 ซม.
650  7 ^aเด็ก, การดูแล
650  7 ^aเด็ก, การเลี้ยง
650  7 ^aทารก, การดูแล
700 0  ^aพรอนงค์ นิยมค้า,^eผู้แปล
945    ^p160^l0^i14995
995    ^aวิภา
999 ^a ใช้งานได้ทุกระบบ
รายการนี้ยังไม่มีแท็ก
คุณยังไม่ได้ล็อกอิน คุณสามารถมีกิจกรรมร่วมกับเว็บไซต์ได้ แต่ต้องล็อกอินก่อน ::
  ล็อกอิน

รายการสื่อสารสนเทศ

ลำดับที่ ประเภท เลขเรียก/บาร์โค้ด สถานที่ สถานะ
1. วิทยาศาสตร์การแพทย์ และสุขภาพ
วิทยาศาสตร์การแพทย์ และสุขภาพ
WS13 ม546ส ล.2  
  Barcode: 14995
ห้องสมุดวิทยาเขตสวรรค์ประชารักษ์
►ส่วนจัดเก็บหนังสือเก่า สปร
บนชั้น
  ขอยืม

รายการใกล้เคียง
    ผู้แต่ง [มัตสุดะ, มิซิโอะ]

    หัวเรื่อง [เด็ก, การดูแล]
    หัวเรื่อง [เด็ก, การเลี้ยง]
    หัวเรื่อง [ทารก, การดูแล]

BibComment


ยังไม่เคยถูกคอมเมนท์

คอมเมนท์ทรัพยากรรายการนี้
  คอมเมนท์: สารานุกรมการเลี้..


 Copyright 2026. Bcnsprnw @Library